[Event "Ho Chi Minh City HD Bank op 5th"]
[Site "Ho Chi Minh City"]
[Date "2015.03.20"]
[Round "6"]
[White "Tran, Quoc Dung"]
[Black "Grafil, Franz Robert"]
[Result "1-0"]
[WhiteElo "2288"]
[BlackElo "2123"]
[PlyCount "143"]
[EventDate "2015.03.17"]
[EventType "swiss"]
[EventRounds "9"]
[EventCountry "VIE"]
[SourceTitle "CBM 165 Extra"]
[Source "ChessBase"]
[SourceDate "2015.04.21"]
[SourceVersion "1"]
[SourceVersionDate "2015.04.21"]
[SourceQuality "1"]

1. d4 Nf6 2. Bg5 Ne4 3. Bf4 d5 4. Nd2 Nf6 5. e3 e6 6. c4 c5 7. Ngf3 Nc6 8. a3 cxd4 9. exd4 dxc4 10. Nxc4 Be7 11. Rc1 0-0 12. Be2 Nd5 13. Bg3 b5 14. Ncd2 Qb6 15. Nb3 b4 16. a4 Bb7 17. 0-0 Rfd8 18. Ne5 a5 19. Bb5 Nxe5 20. Bxe5 Rac8 21. Qe2 Bc6 22. Nxa5 Bxb5 23. Qxb5 Qxb5 24. axb5 f6 25. Bg3 Rxc1 26. Rxc1 Ra8 27. Nc4 Bd8 28. Bd6 Kf7 29. Re1 Be7 30. Bg3 Bd8 31. Kf1 Ke7 32. Ke2 Kd7 33. Kd3 Ra7 34. Ne3 Ra2 35. Kc2 Ra5 36. Kb3 Rxb5 37. Ra1 Rb7 38. Ra6 Bb6 39. Nc2 Kc6 40. f3 Kb5 41. Ra4 Ra7 42. Rxa7 Bxa7 43. Bd6 g6 44. g3 h5 45. g4 Bb6 46. h3 Ba7 47. Bh2 Bb6 48. Bb8 Bd8 49. Bd6 Bb6 50. f4 Ba7 51. g5 f5 52. Be5 Bb6 53. Ne1 Bc7 54. Bxc7 Nxc7 55. Nd3 Nd5 56. h4 Ka5 57. Kc4 Kb6 58. b3 Ne3+ 59. Kxb4 Ng2 60. Kc4 Nxh4 61. Ne1 Kc6 62. b4 Kb6 63. b5 Kb7 64. Kc5 Kc7 65. b6+ Kb7 66. Kb5 Kb8 67. Kc6 Kc8 68. b7+ Kb8 69. Kb6 Ng2 70. Nxg2 h4 71. Nxh4 e5 72. fxe5 1-0